ბათუმის შოთა რუსთაველის სახელმწიფო უნივერსიტეტის ბიბლიოთეკა

Римское прово. (ბიბ.ჩანაწერი № 35943)

000 -LEADER
fixed length control field 00522nam a2200217Ia 4500
001 - CONTROL NUMBER
control field 1842
003 - CONTROL NUMBER IDENTIFIER
control field GE_BSU
008 - FIXED-LENGTH DATA ELEMENTS--GENERAL INFORMATION
fixed length control field 181216s||||||||xx |||||||||||||| ||und||
020 ## - INTERNATIONAL STANDARD BOOK NUMBER
International Standard Book Number 5943731342
040 ## - CATALOGING SOURCE
Transcribing agency GE_BSU
080 ## - UNIVERSAL DECIMAL CLASSIFICATION NUMBER
Universal Decimal Classification number 342.2/.3(075.8)
100 ## - MAIN ENTRY--PERSONAL NAME
Personal name Новицкий, И.Б
245 ## - TITLE STATEMENT
Title Римское прово.
245 ## - TITLE STATEMENT
Remainder of title Учебник для вузов
260 ## - PUBLICATION, DISTRIBUTION, ETC.
Place of publication, distribution, etc. Москва
260 ## - PUBLICATION, DISTRIBUTION, ETC.
Date of publication, distribution, etc. 2007
300 ## - PHYSICAL DESCRIPTION
Extent 244 с. 21 с.
653 ## - INDEX TERM--UNCONTROLLED
Uncontrolled term Римское право
942 ## - ADDED ENTRY ELEMENTS (KOHA)
Koha item type წიგნი
ეგზემპლარები
Withdrawn status Lost status Damaged status Not for loan Date acquired Barcode Date last seen Price effective from Koha item type
        2018-12-17 3744 2018-12-17 2018-12-17 წიგნი